Loading...
| Science - Biology | 2 | 9 | 1 | 3 | 115 | 44 | 92.45 | 3 | 7 | 19.31 | 47.08 |
| Science - Other | 1 | 6 | 0 | 1 | 75 | 69 | 98.86 | 1 | 3 | 8.40 | 20.13 |
| Science - Chemistry | 2 | 6 | 4 | 1 | 70 | 51 | 85.50 | 3 | 7 | 16.57 | 36.74 |
| Science - Physics | 1 | 5 | 1 | 1 | 60 | 45 | 89.67 | 3 | 5 | 15.85 | 41.25 |
| Beliefs | 0 | 6 | 2 | 1 | 50 | 100 | 111.83 | 0 | 1 | 4.92 | 12.89 |
| Visual Arts | 2 | 0 | 0 | 0 | 30 | 33 | 54.00 | 2 | 2 | 7.87 | 12.50 |
| Social Science | 0 | 2 | 0 | 1 | 20 | 122 | 123.00 | 0 | 0 | 0.10 | 5.18 |
| Fine Arts - Other Arts | 1 | 0 | 0 | 0 | 15 | 32 | 32.00 | 0 | 1 | 4.68 | 5.00 |
| History - Ancient | 0 | 1 | 0 | 1 | 10 | 141 | 141.00 | 0 | 0 | 0.31 | 1.01 |
| Other Academic | 0 | 1 | 1 | 0 | 5 | 88 | 88.00 | 0 | 0 | 4.90 | 7.14 |